100 Biggest Cities of the Kingdom of England in 1660 - Statistics

General Stats
  • This quiz has been taken 259 times
  • The average score is 40 of 100
Answers on the Map
Answers color-coded by a green-red scale on the quiz's map according to % correct below.
 
Answer Stats
Population Cities % Correct
310,941 London
98%
14,201 York
91%
13,482 Bristol
88%
2,356 Manchester
88%
11,617 Newcastle upon Tyne
87%
11,065 Oxford
84%
10,574 Cambridge
82%
3,501 Leeds
82%
14,216 Norwich
82%
4,264 Nottingham
80%
4,000 Plymouth
80%
2,745 Birmingham
79%
6,600 Kingston upon Hull
78%
2,100 Southampton
77%
4,299 Dover
75%
3,014 Leicester
75%
5,007 Portsmouth
74%
2,050 Sheffield
73%
3,000 Brighton
72%
5,849 Chester
72%
7,671 Canterbury
71%
4,305 Lincoln
70%
2,652 Bath
69%
10,307 Exeter
69%
4,233 Gloucester
69%
9,774 Ipswich
69%
2,140 Derby
67%
2,959 Northampton
64%
7,046 Worcester
63%
6,427 Coventry
62%
4,048 Winchester
62%
3,860 Carlisle
59%
2,223 Durham
56%
6,647 Colchester
54%
4,680 Bradford-on-Avon
51%
2,010 Wolverhampton
50%
2,476 Hereford
49%
2,680 Boston
48%
2,660 Peterborough
48%
6,811 Salisbury
47%
6,867 Shrewsbury
44%
2,886 Wrexham
44%
9,248 Yarmouth
43%
2,580 Berwick-upon-Tweed
41%
2,710 Warwick
41%
1,880 Newport
40%
2,180 Scarborough
39%
5,007 Lynn
37%
2,640 St Albans
37%
4,264 Bury St Edmunds
35%
2,220 Kingston upon Thames
34%
2,130 Bedford
33%
2,130 Chichester
32%
3,170 Chelmsford
31%
3,026 Ely
31%
2,500 Greenwich
30%
3,703 Maidstone
30%
4,616 Rochester
28%
2,983 Gateshead
27%
2,300 Taunton
26%
2,510 West Ham
26%
5,730 Kendal
22%
1,980 Whitby
22%
1,950 Wigan
22%
3,180 Beverley
21%
2,068 Wells
20%
1,970 Halifax
18%
2,320 Barnstaple
17%
2,305 Lichfield
17%
2,721 Monmouth
17%
3,958 Sandwich
16%
2,150 Stamford
16%
2,760 Cirencester
15%
2,020 Dartmouth
15%
3,023 Frome
14%
1,940 Deal
13%
2,690 Newark-on-Trent
12%
2,040 Ludlow
11%
2,490 Macclesfield
11%
2,080 Tiverton
10%
1,920 Ashton-under-Lyne
9%
5,224 Lambeth
9%
2,760 Nantwich
9%
2,320 Wisbech
9%
1,913 Haverfordwest
8%
2,050 Spalding
8%
6,919 Deptford
7%
4,386 Bermondsey
6%
2,310 Bromsgrove
6%
2,150 Tewkesbury
6%
2,550 Warminster
6%
2,160 Wellingborough
6%
1,890 Ottery St Mary
5%
2,720 Crediton
4%
2,101 Rotherhithe
4%
2,238 Waltham Cross
4%
2,290 Wymondham
4%
1,980 Whittlesey
3%
1,910 Wirksworth
3%
1,950 Coggeshall
1%
No matching quizzes found
Score Distribution
Percent of People with Each Score
Percentile by Number Answered
Your Score History
You have not taken this quiz